书目信息 |
| 题名: |
风云人物采访记
|
|
| 作者: | 法拉奇 编著 ;阿珊 译 | |
| 分册: | ||
| 出版信息: | 北京 新华出版社 1983 |
|
| 页数: | 210页 | |
| 开本: | 20cm | |
| 丛书名: | ||
| 单 册: | ||
| 中图分类: | D50 | |
| 科图分类: | ||
| 主题词: | 国际形势 , 三个世界理论 , 国际政治--概况 | |
| 电子资源: | ||
| ISBN: | ||
| 000 | 00694nam0 2200253 45 | |
| 001 | 0183012844 | |
| 005 | 20060912174748.00 | |
| 010 | @dCNY0.66 | |
| 091 | @a7203.035 | |
| 100 | @a19960215d1983 em y0chiy0121 ea | |
| 101 | 1 | @achi |
| 102 | @aCN@b110000 | |
| 105 | @ay z 000yd | |
| 200 | 10 | @a风云人物采访记@Afeng yun ren wu cai fang ji@f(意)奥里亚娜·法拉奇编著@F(Yi)Ao Li Ya Na·Fa La Qi Bian Zhu@g阿珊译 |
| 210 | @a北京@c新华出版社@d1983 | |
| 215 | @a210页@d20cm | |
| 606 | 0 | @a国际形势 |
| 606 | @a三个世界理论 | |
| 606 | 0 | @a国际政治@x概况 |
| 690 | @aD50@v3 | |
| 701 | 0 | @a法拉奇@4编著 |
| 702 | 0 | @a阿珊@Aa shan@4译 |
| 801 | 0 | @aCN@bNLC@c20060912 |
| 905 | @dD50@e28@f1@b161486 | |
| 风云人物采访记/(意)奥里亚娜·法拉奇编著/阿珊译.-北京:新华出版社,1983 |
| 210页;20cm |
| ISBN :CNY0.66 |
| ● |
| 相关链接 |
|
|
|
|
正题名:风云人物采访记
索取号:D50/28
 
预约/预借
| 序号 | 登录号 | 条形码 | 馆藏地/架位号 | 状态 | 备注 |
| 1 | 0161484 | 000482025 | 密集书库/ [索取号:D50/28] | 在馆 | |
| 2 | 0161485 | 000482043 | 密集书库/ [索取号:D50/28] | 在馆 | |
| 3 | 0161486 | 000482034 | 第一样本阅览室/ [索取号:D50/28] | 在馆 | |
| 4 | 0475053 | 204750536 | 密集书库/ [索取号:D50/28] | 在馆 |